Database System Concepts (Record no. 199)

MARC details
000 -LEADER
fixed length control field 00454nam a22001697a 4500
005 - DATE AND TIME OF LATEST TRANSACTION
control field 20210910104017.0
008 - FIXED-LENGTH DATA ELEMENTS--GENERAL INFORMATION
fixed length control field 160428b xxu||||| |||| 00| 0 eng d
020 ## - INTERNATIONAL STANDARD BOOK NUMBER
ISBN 0.07-120413-X
041 ## - LANGUAGE CODE
Language code of text/sound track or separate title eng
082 ## - DEWEY DECIMAL CLASSIFICATION NUMBER
Item number 00684
Classification number 005.74
100 ## - MAIN ENTRY--AUTHOR NAME
Personal name Silberschats, Abraham and others
245 ## - TITLE STATEMENT
Title Database System Concepts
260 ## - PUBLICATION, DISTRIBUTION, ETC. (IMPRINT)
Place of publication New York
Name of publisher MC Graw Hill International,
Year of publication 2002
300 ## - PHYSICAL DESCRIPTION
Number of Pages 1064
650 ## - SUBJECT ADDED ENTRY--TOPICAL TERM
Topical Term Information Technology
942 ## - ADDED ENTRY ELEMENTS (KOHA)
Koha item type Books
Holdings
Lost status Damaged status Collection code Home library Current library Shelving location Date acquired Full call number Accession Number Koha item type
    CS/IT JRU Library JRU Library SHELF-55-B 28/04/2016 005.74 00684 Books
    CS/IT JRU Library JRU Library SHELF-55-B 28/04/2016 005.74 00685 Books
    CS/IT JRU Library JRU Library SHELF-55-B 28/04/2016 005.74 00686 Books
    CS/IT JRU Library JRU Library SHELF-55-B 28/04/2016 005.74 00687 Books